Cite les membres de IVE - Statistiques

Statistiques générales
  • Ce quiz a été pris 190 fois
  • Le résultat moyen est 5 sur 6
Statistiques - réponses
IVE % Correct
Yujin
81%
Liz
80%
Rei
79%
Gaeul
77%
Wonyoung
77%
Leeseo
70%
Aucun quiz correspondant
Distribution des résultats
% des personnes avec chaque résultat
Percentile par nombre de réponses
Votre historique - résultats
Vous n’avez pas pris ce quiz